000 00920nam a22003137a 4500
003 CHAP
005 20220329140244.0
008 971013s1979 r 00010 d
010 _a49299
011 _a50271
035 _a54421
040 _cCHAP
090 _aFolleto 7221y
100 0 0 _aRobert, Jozsef.
_997899
245 1 _aOrigen del dinero
260 _aMéxico, D. F. ; Ediciones Quinto Sol,
_c1979
300 _a136 p.
490 _aCuadernos de marxismo
_v; 8
590 _aBATCH-UPD
_b10
_c20130110
_lUCH01
_h0726
590 _aBATCH-UPD
_b10
_c20130410
_lUCH01
_h0410
590 _aBATCH-UPD
_b10
_c20130914
_lUCH01
_h1113
590 _aCONVERSION
_b10
_c20130109
_lUCH01
_h1327
650 1 4 _aCuestión monetaria.
_930120
650 1 4 _aDinero.
_932616
830 0 _aCuadernos de marxismo
_v; 8
_929812
901 _aBK
942 _cFOLL
949 _aFolleto 7221y
_bBC
_cFOLL
_d-120093
_eTS1
_i54421
_si
_t36.00
999 _c49299
_d49299